Countries of Mythical Creatures - Statistics

General Stats
  • This quiz has been taken 53 times
  • The average score is 15 of 30
Answer Stats
Hint Answer % Correct
Cyclops Greece
94%
Bigfoot / Sasquatch United States
85%
Medusa Greece
83%
Pegasus Greece
79%
Pokemon Japan
77%
Leprechaun Ireland
74%
Dragon (Other Than Europe) China
72%
Loch Ness Monster United Kingdom (Scotland)
72%
Sphinx Egypt
70%
Vampire Romania
68%
Centaur Greece
66%
Genie (Region) Middle East
66%
Banshee Ireland
64%
Chupacabra Puerto Rico
57%
Yeti Nepal
55%
Kelpie United Kingdom (Scotland)
53%
Dementor United Kingdom
51%
Fairy Ireland
47%
Kasa-Obake Japan
40%
Headless Horseman United States
40%
Jackalope United States
38%
Zombie Haiti
28%
Troll (Region) Scandinavia
28%
Ogre France
17%
Curupira Brazil
13%
Golem Czech Republic
13%
Airavata India
13%
Gumiho South Korea
6%
Ninki-Nanka Gambia
4%
Mermaid Syria
2%
No matching quizzes found
Score Distribution
Percent of People with Each Score
Percentile by Number Answered
Your Score History
You have not taken this quiz